Krisis matawang Malaysia : (Record no. 15)

000 -LEADER
fixed length control field nam a22 a 4500
003 - CONTROL NUMBER IDENTIFIER
control field AKMAL
005 - DATE AND TIME OF LATEST TRANSACTION
control field 20170413083122.0
008 - FIXED-LENGTH DATA ELEMENTS--GENERAL INFORMATION
fixed length control field 170413s2000 my 00 may d
020 ## - INTERNATIONAL STANDARD BOOK NUMBER
International Standard Book Number 9679787575 (kkt.):
Terms of availability RM12.00
040 ## - CATALOGING SOURCE
Original cataloging agency AKMAL
082 04 - DEWEY DECIMAL CLASSIFICATION NUMBER
Classification number 332.4509595
Edition number 21
090 00 - LOCALLY ASSIGNED LC-TYPE CALL NUMBER (OCLC); LOCAL CALL NUMBER (RLIN)
Classification number (OCLC) (R) ; Classification number, CALL (RLIN) (NR) 332.4509595
Local cutter number (OCLC) ; Book number/undivided call number, CALL (RLIN) MAH
100 0# - MAIN ENTRY--PERSONAL NAME
Personal name Mahathir Mohamad,
Titles and words associated with a name Tun,
Dates associated with a name 1925-
9 (RLIN) 41
245 10 - TITLE STATEMENT
Title Krisis matawang Malaysia :
Remainder of title bagaimana dan mengapa ia berlaku /
Statement of responsibility, etc. Mahathir Mohamad
260 ## - PUBLICATION, DISTRIBUTION, ETC.
Place of publication, distribution, etc. Subang Jaya,
Date of publication, distribution, etc. 2000
300 00 - PHYSICAL DESCRIPTION
Extent 64ms. ;
Dimensions 22cm
500 ## - GENERAL NOTE
General note Juga diterbitkan dalam bahasa Inggeris
599 ## - LOCAL NOTE
Local Note LULUS
650 #0 - SUBJECT ADDED ENTRY--TOPICAL TERM
Topical term or geographic name entry element Financial crisis
Geographic subdivision Malaysia
9 (RLIN) 62
651 #0 - SUBJECT ADDED ENTRY--GEOGRAPHIC NAME
Geographic name Malaysia
General subdivision Economic conditions
9 (RLIN) 63
942 ## - ADDED ENTRY ELEMENTS (KOHA)
Source of classification or shelving scheme
Koha item type Book
Holdings
Withdrawn status Lost status Source of classification or shelving scheme Damaged status Not for loan Collection code Home library Current library Shelving location Date acquired Inventory number Total Checkouts Full call number Barcode Date last seen Price effective from Koha item type
          NON-FICTION AKMAL Melaka AKMAL Melaka PINJAMAN 13.04.2017 303439   332.4509595 MAH 201700019 13.04.2017 13.04.2017 Book
          NON-FICTION AKMAL Melaka AKMAL Melaka PINJAMAN 13.04.2017 303446   332.4509595 MAH 201705534 11.05.2017 13.04.2017 Book
Pusat Sumber Maklumat Dato' Haji Sarmin Md Hussin, Akademi Kastam Diraja Malaysia, Melaka
Tel: 06-2331106 | Faks: 06-2313787